000 01828cam a22004334i 4500
003 PE-LiUPU
005 20250731173128.0
008 150623s r 000 0 d
035 _a(Sirsi) a26194
040 _aPE-LiUPU
_bspa
_cPE-LiUPU
_erda
082 0 4 _a289.3
_bT48
_221
100 1 _aThomsen, Russel J.,
_eautor.
245 1 0 _aLatter-day saints and the sabbath /
_cRussel J. Thomsen.
264 1 _aMountain View, California :
_bPacific Press Publishing Association,
_c1971.
300 _a150 páginas :
_bilustraciones fotos, gráficos ;
_c21 cm.
336 _atext
_2rdacontent
337 _aunmediated
_2rdamedia
338 _avolume
_2rdacarrier
504 _aIncluye bibliografía.
505 0 _aThe sabbath in early mormonism. -An american king and the sabbath. -The mormon canon and the sabbath. -The sabbath in the pioneer era. -Sunday, mormonism, and a gentile named gamble. -The hallenge of the unknown tongue. -Modern mormonism and the sabbath. -Sunday-clising laws and mormonism. -The creator, his day, and man-a view of the seventh-day sabbath.
526 _aSEG42
526 _aSEG41
526 _aSEG40
526 _aSEG39
526 _aP94
526 _aP87
526 _aP86
526 _aP85
526 _aP77
526 _aP76
526 _aP35
650 0 4 _aMormonismo y el sábado.
650 0 4 _aIglesia de los santos de los últimos días (Morminismo).
942 _2ddc
_cBOOK
949 _a289.3 T48
_wDEWEY
_c1
_i51476
_lCCODEBUL1
_mBUL
_p7.00
_r0
_sY
_tBOOK
_u2015-06-24
_xTEOLOGIA
_PP35
_0COMPRA
_o.STAFF. Colección General
596 _a1
999 _a289.3 T48
_wDEWEY
_c33198
_i51476
_f2021-11-12
_g5
_lCCODEBUL1
_mBUL
_p7.00
_r0
_sY
_tBOOK
_u2015-6-24
_xTEOLOGIA
_PP35
_0COMPRA
_o.STAFF. Colección General
_d33198
980 _81
_gALBERTO SANCHEZ Responsable de Automatización